[Event "Nova Gorica op 24th"]
[Site "Nova Gorica"]
[Date "2019.01.26"]
[Round "3"]
[White "Brilej, Jaka"]
[Black "Zlatanovic, Marcus"]
[Result "1-0"]
[WhiteElo "2136"]
[BlackElo "1576"]
[PlyCount "69"]
[EventDate "2019.01.25"]
[EventType "swiss"]
[EventRounds "9"]
[EventCountry "SLO"]
[SourceTitle "CBM 188 Extra"]
[Source "ChessBase"]
[SourceDate "2019.02.28"]
[SourceVersion "1"]
[SourceVersionDate "2019.02.28"]
[SourceQuality "1"]

1. e4 c5 2. Nf3 g6 3. d4 cxd4 4. Nxd4 Bg7 5. c4 Nc6 6. Be3 Nf6 7. Nc3 0-0 8. Be2 d6 9. 0-0 Bd7 10. Qd2 Re8 11. f3 Rc8 12. Rfc1 a6 13. Rab1 Nxd4 14. Bxd4 Rb8 15. a4 a5 16. Rd1 Qc7 17. Rbc1 Rbc8 18. Qe3 Qb8 19. Bb6 Qa8 20. c5 dxc5 21. e5 Bc6 22. exf6 exf6 23. Qf2 f5 24. Bxc5 Bxc3 25. Rxc3 Bxa4 26. Rdc1 Bc6 27. Bf1 Rcd8 28. Qh4 Re6 29. Bc4 Bd5 30. Be7 Re8 31. Bxd5 R6xe7 32. Qxe7 Qa7+ 33. Qc5 Qxc5+ 34. Rxc5 b6 35. Rc8 1-0

[Event "SLO-ch U14"]
[Site "Portoroz"]
[Date "2018.03.01"]
[Round "8"]
[White "Zlatanovic, Marcus"]
[Black "Kavcic, Bor"]
[Result "0-1"]
[WhiteElo "1357"]
[BlackElo "1607"]
[PlyCount "120"]
[EventDate "2018.02.24"]
[EventType "swiss"]
[EventRounds "9"]
[EventCountry "SLO"]
[SourceTitle "EXT 2019"]
[Source "ChessBase"]
[SourceDate "2018.10.10"]
[SourceVersion "1"]
[SourceVersionDate "2018.10.10"]
[SourceQuality "1"]

1. e4 c5 2. Nf3 d6 3. d4 cxd4 4. Qxd4 Nc6 5. Bb5 Bd7 6. Bxc6 Bxc6 7. Nc3 Nf6 8. Bg5 g6 9. 0-0-0 Bg7 10. Rhe1 0-0 11. Qd2 Re8 12. Kb1 Rc8 13. Nd4 a6 14. f3 b5 15. a3 Qa5 16. Nd5 Qxd2 17. Nxf6+ Bxf6 18. Bxd2 Bxd4 19. f4 Bg7 20. g3 Bd7 21. Bb4 Bg4 22. Rd2 f5 23. exf5 Bxf5 24. Rde2 Kf7 25. Rh1 Rc6 26. Rhe1 e5 27. fxe5 Rxe5 28. Rxe5 dxe5 29. Re2 e4 30. g4 Bxg4 31. Rxe4 Be6 32. Rf4+ Bf5 33. Rf2 Bd4 34. Re2 Bc5 35. Bc3 Bxa3 36. Rd2 Bc5 37. Ka1 Be6 38. Be5 Ke7 39. Bf4 Kf6 40. Bg3 g5 41. Rd1 h5 42. Rf1+ Bf5 43. c3 Bd6 44. Bxd6 Rxd6 45. Rf2 g4 46. Rg2 h4 47. Ka2 Kg5 48. h3 g3 49. Rg1 Bxh3 50. Kb3 Kf4 51. c4 Be6 52. Kb4 Bxc4 53. b3 Be2 54. Kc3 Rd1 55. Rg2 Kf3 56. Rxe2 Kxe2 57. b4 g2 58. Kc2 g1Q 59. Kc3 Rb1 60. Kc2 Qc1# 0-1

[Event "SLO-ch U14"]
[Site "Portoroz"]
[Date "2018.02.28"]
[Round "7"]
[White "Pintaric, Maj"]
[Black "Zlatanovic, Marcus"]
[Result "1/2-1/2"]
[WhiteElo "1076"]
[BlackElo "1357"]
[PlyCount "60"]
[EventDate "2018.02.24"]
[EventType "swiss"]
[EventRounds "9"]
[EventCountry "SLO"]
[SourceTitle "EXT 2019"]
[Source "ChessBase"]
[SourceDate "2018.10.10"]
[SourceVersion "1"]
[SourceVersionDate "2018.10.10"]
[SourceQuality "1"]

1. e4 c5 2. Nf3 a6 3. Nc3 b5 4. a3 Bb7 5. d3 g6 6. Ne2 Bg7 7. Ng3 e6 8. Be2 Ne7 9. 0-0 Nbc6 10. c3 0-0 11. Rb1 d5 12. Bg5 h6 13. Bxe7 Nxe7 14. Qc2 Qc7 15. Rbc1 Rac8 16. Rfd1 Rfd8 17. h3 Qb6 18. Qb1 a5 19. b4 axb4 20. axb4 c4 21. d4 Ra8 22. e5 Ra6 23. Qb2 Rda8 24. Ra1 Qa7 25. Rxa6 Qxa6 26. Rc1 Qa2 27. Qxa2 Rxa2 28. Kh2 Bc6 29. Kg1 Bb7 30. Kh2 Bc6 1/2-1/2

[Event "SLO-ch U14"]
[Site "Portoroz"]
[Date "2018.02.27"]
[Round "5"]
[White "Zlatanovic, Marcus"]
[Black "Lencek Kranjec, Dani"]
[Result "1-0"]
[WhiteElo "1357"]
[BlackElo "1217"]
[PlyCount "53"]
[EventDate "2018.02.24"]
[EventType "swiss"]
[EventRounds "9"]
[EventCountry "SLO"]
[SourceTitle "EXT 2019"]
[Source "ChessBase"]
[SourceDate "2018.10.10"]
[SourceVersion "1"]
[SourceVersionDate "2018.10.10"]
[SourceQuality "1"]

1. e4 c5 2. Nf3 d6 3. d4 cxd4 4. Qxd4 Nc6 5. Bb5 Bd7 6. Bxc6 Bxc6 7. Nc3 Nf6 8. Bg5 e6 9. 0-0-0 Be7 10. Rhe1 0-0 11. Kb1 d5 12. exd5 Nxd5 13. Bxe7 Qxe7 14. Nxd5 Bxd5 15. Qxd5 Rfd8 16. Qg5 f6 17. Rxd8+ Rxd8 18. Qe3 e5 19. a3 a6 20. Qe2 b5 21. Rd1 Rb8 22. Qd3 b4 23. Qc4+ Kf8 24. axb4 Qxb4 25. Rd8+ Ke7 26. Qc7+ Ke6 27. Qd7# 1-0

[Event "Otocec Krka Terme op"]
[Site "Otocec"]
[Date "2017.11.10"]
[Round "5"]
[White "Skok, Amalija"]
[Black "Zlatanovic, Marcus"]
[Result "1/2-1/2"]
[WhiteElo "1581"]
[BlackElo "1365"]
[PlyCount "79"]
[EventDate "2017.11.02"]
[EventType "swiss"]
[EventRounds "9"]
[EventCountry "SLO"]
[SourceTitle "EXT 2019"]
[Source "ChessBase"]
[SourceDate "2018.10.10"]
[SourceVersion "1"]
[SourceVersionDate "2018.10.10"]
[SourceQuality "1"]

1. d4 Nf6 2. c4 g6 3. Nc3 Bg7 4. e4 d6 5. f3 0-0 6. Bg5 Nbd7 7. Qd2 e5 8. dxe5 Nxe5 9. c5 dxc5 10. Qxd8 Rxd8 11. Nd5 Rd6 12. Nxc7 Rb8 13. f4 Nd3+ 14. Bxd3 Rxd3 15. Ke2 Rd7 16. Bxf6 Bxf6 17. e5 Rxc7 18. exf6 Rc6 19. Rc1 Rxf6 20. Rxc5 Rxf4 21. Ke3 Rf6 22. Nf3 Bf5 23. h4 Re8+ 24. Kf2 Bg4 25. Kg3 Bxf3 26. gxf3 Rb6 27. Rh2 h5 28. Rc7 Ree6 29. Rhc2 Rec6 30. R2xc6 bxc6 31. b3 a5 32. Kf4 Kg7 33. Ke5 Rb4 34. f4 a4 35. Rxc6 axb3 36. axb3 Rxb3 37. Rc4 f5 38. Rc7+ Kh6 39. Kf6 Rb6+ 40. Kf7 1/2-1/2

[Event "Bled op"]
[Site "Bled"]
[Date "2017.03.12"]
[Round "4"]
[White "Florjancic, Rudolf"]
[Black "Zlatanovic, Marcus"]
[Result "1-0"]
[WhiteElo "1817"]
[BlackElo "1365"]
[PlyCount "103"]
[EventDate "2017.03.10"]
[EventType "swiss"]
[EventRounds "5"]
[EventCountry "SLO"]
[SourceTitle "EXT 2019"]
[Source "ChessBase"]
[SourceDate "2018.10.10"]
[SourceVersion "1"]
[SourceVersionDate "2018.10.10"]
[SourceQuality "1"]

1. d4 d5 2. Nf3 Nf6 3. g3 g6 4. Bg2 Bg7 5. c4 e6 6. Nc3 0-0 7. 0-0 Nc6 8. cxd5 Nxd5 9. e4 Nxc3 10. bxc3 Bd7 11. Be3 Re8 12. Rb1 Rb8 13. Nd2 a6 14. Nb3 b6 15. Qd2 a5 16. Rfd1 a4 17. Nc1 Na5 18. Bf1 Bc6 19. d5 exd5 20. exd5 Bd7 21. c4 Bf5 22. Rb4 Bf8 23. c5 Nb7 24. Rxa4 Nxc5 25. Ra7 Ne4 26. Qb2 Bg7 27. Qb3 Nc3 28. Rd2 Ne4 29. Rd1 Nc3 30. Re1 Nxd5 31. Bc4 Be6 32. Rd1 c6 33. Bf4 Rc8 34. Qf3 b5 35. Bf1 Qb6 36. Ra3 b4 37. Ra6 Qb7 38. Nb3 Nc3 39. Nc5 Qe7 40. Bd6 Qf6 41. Qxf6 Bxf6 42. Re1 Bd5 43. Rxe8+ Rxe8 44. Nb3 Ne2+ 45. Bxe2 Rxe2 46. Ra8+ Kg7 47. Bf8+ Kg8 48. Bxb4+ Kg7 49. Bf8+ Kh8 50. Bh6+ Bd8 51. Rxd8+ Re8 52. Rxe8# 1-0